[Event "34th Chess Olympiad (men)"]
[Site "Istanbul"]
[Date "2000.11.10"]
[Round "13.53.1"]
[White "Camilleri, Henry"]
[Black "Ndlovu, Ignatious"]
[WhiteElo "2156"]
[BlackElo "2000"]
[WhiteCountry "MLT"]
[BlackCountry "BOT"]
[Result "1/2-1/2"]

1. e4 e6 2. d4 d5 3. exd5 exd5 4. Nf3 Nf6 5. Bd3 Bd6 6. O-O O-O 7. Bg5 c6 
8. Nc3 Bg4 9. Kh1 Nbd7 10. Qd2 Qc7 11. Rg1 Nh5 12. Ne2 Ndf6 13. Ng3 Bf4 
14. Bxf4 Qxf4 15. Qxf4 Nxf4 16. Ne5 Nxd3 17. Nxd3 Rae8 18. Rge1 h5 19. f3 Bc8 
20. Kg1 h4 21. Nf1 Bf5 22. Re5 Bxd3 23. cxd3 Nd7 24. Ree1 g6 25. Kf2 f5 
26. g3 hxg3+ 27. hxg3 Kf7 28. Nd2 Rh8 29. Rxe8 Rxe8 30. a4 c5 31. Rc1 cxd4 
32. Rc7 Re7 33. Rxb7 Nc5 34. Rxe7+ Kxe7 35. b3 Nxd3+ 36. Ke2 Nc5 37. a5 Kd6 
38. b4 Na6 39. b5 Nc7 40. b6 axb6 41. axb6 Nb5 42. f4 Kc6 43. Nf3 Kxb6 
44. Ne5 Kc5 45. Kd3 Nc3 46. Nxg6 Ne4 47. Nf8 Nf2+ 48. Ke2 Ne4 49. Kd3 Kd6 
50. Kxd4 Nxg3 51. Ng6 Nh5 52. Nh4 Ng7 53. Kd3 Kc5 54. Kc3 Kd6 55. Kd3 Ke7 
56. Kd4 Ke6 57. Kc5 Nh5 58. Nxf5 Nxf4 59. Ne3 Ke5 60. Nxd5 Nxd5 
1/2-1/2

[Event "34th Chess Olympiad (men)"]
[Site "Istanbul"]
[Date "2000.11.10"]
[Round "13.53.2"]
[White "Samuel, Boipuso"]
[Black "Camilleri, Stephan J"]
[WhiteElo "2117"]
[BlackElo "2097"]
[WhiteCountry "BOT"]
[BlackCountry "MLT"]
[Result "1-0"]

1. e4 c5 2. c3 Nf6 3. e5 Nd5 4. Nf3 Nc6 5. Bc4 Nb6 6. Bb3 c4 7. Bc2 d6 
8. exd6 Qxd6 9. d4 cxd3 10. Bxd3 Bg4 11. O-O Rd8 12. Be2 Qxd1 13. Rxd1 Rxd1+ 
14. Bxd1 e5 15. Nbd2 Be7 16. h3 Bf5 17. b4 e4 18. b5 Na5 19. Nd4 Bg6 20. Bc2 f5 
21. g4 fxg4 22. hxg4 O-O 23. Nxe4 Rc8 24. Bd2 Nac4 25. Be1 Kh8 26. a4 Ne5 
27. f3 Nbc4 28. Bg3 Bd8 29. Kf2 Ba5 30. Rc1 Rd8 31. Bb1 Bb6 32. Ke2 h6 
33. Bf2 Re8 34. Rg1 Ba5 35. Nf5 Bb6 36. f4 Nxg4 37. Bxb6 axb6 38. Nxg7 Kxg7 
39. Rxg4 Kh7 40. Kf3 Bxe4+ 41. Bxe4+ Kh8 42. Rg2 Re7 43. f5 Nd6 44. Bd3 Rc7 
45. Rg6 Nf7 46. Rxb6 Rxc3 47. Ke4 Ra3 48. Bc2 Rc3 49. Bd1 Kg8 50. Kd4 Rc7 
51. Bb3 h5 52. Rh6 Kg7 53. Rxh5 Kf6 54. Bxf7 Rxf7 55. Kc5 Ke5 56. a5 Rc7+ 
57. Kb6 Rf7 58. a6 bxa6 59. bxa6 Rf6+ 60. Kb5 Rf7 61. Rh6 Kd5 
1-0

[Event "34th Chess Olympiad (men)"]
[Site "Istanbul"]
[Date "2000.11.10"]
[Round "13.53.3"]
[White "Borg, Andrew"]
[Black "Kealeboga, Baone"]
[WhiteElo "2132"]
[BlackElo "2000"]
[WhiteCountry "MLT"]
[BlackCountry "BOT"]
[Result "1-0"]

1. d4 Nf6 2. c4 e5 3. dxe5 Ng4 4. Bf4 Nc6 5. Nf3 Bb4+ 6. Nc3 Qe7 7. Qd5 f6 
8. exf6 Nxf6 9. Qd3 O-O 10. g3 Ne4 11. Bg2 d5 12. O-O Bxc3 13. bxc3 dxc4 
14. Qxc4+ Kh8 15. Ne5 Nxg3 16. fxg3 g5 17. Nxc6 bxc6 18. Be5+ Qxe5 
19. Rxf8+ Kg7 20. Qf7+ Kh6 21. Qf6+ 
1-0

[Event "34th Chess Olympiad (men)"]
[Site "Istanbul"]
[Date "2000.11.10"]
[Round "13.53.4"]
[White "Salani, Polite"]
[Black "Vella, Duncan"]
[WhiteElo "2000"]
[BlackElo "2000"]
[WhiteCountry "BOT"]
[BlackCountry "MLT"]
[Result "1-0"]

1. d4 Nf6 2. c4 g6 3. Nc3 Bg7 4. e4 d6 5. Nf3 O-O 6. Be2 e5 7. O-O c6 
8. Be3 exd4 9. Bxd4 Re8 10. Qc2 Qe7 11. Rfe1 Bg4 12. h3 Bxf3 13. Bxf3 Nbd7 
14. Rad1 Nb6 15. b3 Qc7 16. a4 Rad8 17. a5 Nc8 18. b4 Nd7 19. Bxg7 Kxg7 
20. Qb2 Ne5 21. Be2 f6 22. f4 Nf7 23. Bf3 Re7 24. Kh1 d5 25. e5 fxe5 
26. cxd5 Kg8 27. dxc6 Rxd1 28. Rxd1 bxc6 29. Ne4 Kf8 30. Nf6 Kg7 31. fxe5 Qxe5 
32. Qxe5 Nxe5 33. Ne4 Nxf3 34. gxf3 Rb7 35. Rd8 Ne7 36. Nc5 Rxb4 37. Rd7 Kf6 
38. Rxa7 h5 39. Ra8 Nd5 40. a6 Ne3 41. a7 Rb2 42. Rf8+ 
1-0

[Event "34th Chess Olympiad (men)"]
[Site "Istanbul"]
[Date "2000.11.10"]
[Round "13.54.1"]
[White "Li Ying, Denis"]
[Black "Wijesurija, G Laxman"]
[WhiteElo "2090"]
[BlackElo "2160"]
[WhiteCountry "MRI"]
[BlackCountry "SRI"]
[Result "1/2-1/2"]

1. e4 e6 2. d4 d5 3. Nd2 Nf6 4. e5 Nfd7 5. f4 c5 6. c3 Nc6 7. Ne2 cxd4 
8. cxd4 Qb6 9. Nf3 Bb4+ 10. Bd2 O-O 11. Bxb4 Qxb4+ 12. Qd2 f6 13. Qxb4 Nxb4 
14. Kd2 a6 15. a3 Nc6 16. Rc1 Nb6 17. b3 Bd7 18. g3 Rac8 19. Bh3 Na5 20. Rc3 h6 
21. Rhc1 Kf7 22. R1c2 Rxc3 23. Rxc3 Rc8 24. Nc1 Rxc3 25. Kxc3 Na8 26. Nd3 f5 
27. Kb4 Nc6+ 28. Kc3 b6 29. Bf1 Nc7 30. Nb2 Na7 31. a4 Ke7 32. h3 Be8 33. g4 g6 
34. g5 h5 35. b4 Nc8 36. Nd2 Na7 37. Nb3 Nc8 38. h4 
1/2-1/2

[Event "34th Chess Olympiad (men)"]
[Site "Istanbul"]
[Date "2000.11.10"]
[Round "13.54.2"]
[White "De Silva, Nuwan"]
[Black "Seegolam, Pradeep"]
[WhiteElo "2000"]
[BlackElo "2000"]
[WhiteCountry "SRI"]
[BlackCountry "MRI"]
[Result "1/2-1/2"]

1. d4 d5 2. c4 dxc4 3. Nf3 e6 4. e4 a6 5. Bxc4 b5 6. Bd3 c5 7. O-O Bb7 
8. Be3 cxd4 9. Nxd4 Nf6 10. f3 Be7 11. a3 O-O 12. Nc3 Nbd7 13. Rc1 Rc8 14. b4 
1/2-1/2

[Event "34th Chess Olympiad (men)"]
[Site "Istanbul"]
[Date "2000.11.10"]
[Round "13.54.3"]
[White "Mansoor, Jamil"]
[Black "Fonseka, C.k.d"]
[WhiteElo "2205"]
[BlackElo "2000"]
[WhiteCountry "MRI"]
[BlackCountry "SRI"]
[Result "1/2-1/2"]

1. d4 Nf6 2. c4 c5 3. d5 b5 4. Nc3 b4 5. Nb1 g6 6. Qc2 Bg7 7. e4 d6 8. Bd3 O-O 
9. Ne2 e6 10. O-O exd5 11. exd5 Re8 12. Bg5 Nbd7 13. Nd2 Ne5 14. Ne4 Qe7 
15. N2g3 
1/2-1/2

[Event "34th Chess Olympiad (men)"]
[Site "Istanbul"]
[Date "2000.11.10"]
[Round "13.54.4"]
[White "De Silva, Nirosh"]
[Black "Marie, Patrik"]
[WhiteElo "2162"]
[BlackElo "2000"]
[WhiteCountry "SRI"]
[BlackCountry "MRI"]
[Result "1/2-1/2"]

1. e4 c5 2. Nf3 d6 3. d4 cxd4 4. Nxd4 Nf6 5. Nc3 g6 6. f4 Nc6 7. Be2 Bg7 
8. Nxc6 bxc6 9. Be3 O-O 10. O-O Qa5 11. Rb1 Rb8 12. Qd2 Re8 13. Kh1 Qc7 
14. f5 Bb7 15. Bxa7 Ra8 16. Be3 c5 17. fxg6 fxg6 18. Bf3 Bc6 19. Bh6 Qb7 
20. Bxg7 Kxg7 21. Qe3 Nd7 22. a3 Ne5 23. Be2 Rf8 24. Rxf8 Rxf8 25. b4 cxb4 
26. axb4 Qc7 27. Qd4 Bb7 28. Bd3 Kg8 29. Nd5 Bxd5 30. exd5 Rc8 31. Rb2 Qc3 
32. Qxc3 Rxc3 33. Bf1 Kf8 34. b5 Nd7 35. b6 Rc8 36. Kg1 Rb8 37. b7 
1/2-1/2

[Event "34th Chess Olympiad (men)"]
[Site "Istanbul"]
[Date "2000.11.10"]
[Round "13.55.1"]
[White "Carrera, Alhan"]
[Black "Hailu, Wossenyelew"]
[WhiteElo "2135"]
[BlackElo "2000"]
[WhiteCountry "PAN"]
[BlackCountry "ETH"]
[Result "1/2-1/2"]

1. c4 Nf6 2. Nc3 g6 3. d4 Bg7 4. e4 d6 5. Nf3 O-O 6. h3 e5 7. dxe5 dxe5 
8. Be3 c6 9. a3 Nh5 10. Qb3 Qe7 11. c5 Be6 12. Bc4 Nf4 13. Bxf4 exf4 
14. Bxe6 fxe6 15. O-O Kh8 16. Rad1 Na6 17. Na4 g5 18. Qc4 Rad8 19. b4 Nc7 
20. Nc3 h5 21. Nh2 Rxd1 22. Rxd1 Rd8 23. Rd3 Qf6 24. Nd1 Kh7 25. e5 Qe7 
26. Qe4+ Kh8 27. Nb2 Rd5 28. Qg6 Bxe5 29. Rxd5 exd5 30. Qxh5+ Kg7 31. Nd3 Bc3 
32. Ng4 Ne6 33. Qh6+ Kf7 34. Nde5+ Bxe5 35. Nxe5+ Ke8 36. Qg6+ Kd8 37. Nf7+ Kc7 
38. Kf1 b6 39. cxb6+ axb6 40. Qf5 Nd4 41. Qe5+ Qxe5 42. Nxe5 c5 43. bxc5 bxc5 
44. Nf7 Ne6 45. g3 c4 46. Ke2 d4 47. Ne5 c3 48. h4 fxg3 49. fxg3 gxh4 
50. gxh4 Kd6 51. Nd3 Ng7 52. a4 Nf5 53. Nc1 Ke5 
1/2-1/2

[Event "34th Chess Olympiad (men)"]
[Site "Istanbul"]
[Date "2000.11.10"]
[Round "13.55.2"]
[White "Alemu, Fikreselassie"]
[Black "Gardellini, Arnulfo"]
[WhiteElo "2000"]
[BlackElo "2000"]
[WhiteCountry "ETH"]
[BlackCountry "PAN"]
[Result "1/2-1/2"]

1. e4 c5 2. Nf3 d6 3. d4 cxd4 4. Nxd4 Nf6 5. Nc3 g6 6. f3 Bg7 7. Be3 Nc6 
8. Qd2 O-O 9. O-O-O d5 10. exd5 Nxd5 11. Nxc6 bxc6 12. Nxd5 cxd5 13. Qxd5 Rb8 
14. b3 Qc7 15. Qc5 Qb7 16. Bd3 Be6 17. Qa3 Rfc8 18. Kb1 Qc7 19. Bc1 Bc4 
20. Bb2 Bxd3 21. cxd3 Qc2+ 22. Ka1 Qxg2 23. Bxg7 Kxg7 24. Qb2+ Qxb2+ 
25. Kxb2 Rd8 26. Rhe1 Kf6 27. Re4 Rd7 28. Rf4+ Kg7 29. Rc4 Rb5 30. Kc3 Rf5 
31. f4 e5 32. fxe5 Rxe5 33. Rd2 f5 34. d4 Re3+ 35. Kb4 f4 36. d5 Kf6 
37. Rxf4+ Ke5 38. Rfd4 Kd6 39. Rc4 Re5 40. a4 Rb7+ 
1/2-1/2

[Event "34th Chess Olympiad (men)"]
[Site "Istanbul"]
[Date "2000.11.10"]
[Round "13.55.3"]
[White "Miranda, Adrian"]
[Black "Haile Giorgis, Shewaseged"]
[WhiteElo "2000"]
[BlackElo "2000"]
[WhiteCountry "PAN"]
[BlackCountry "ETH"]
[Result "0-1"]

1. e4 c5 2. b4 cxb4 3. a3 d5 4. e5 d4 5. Bc4 e6 6. Nf3 Bc5 7. O-O Ne7 
8. axb4 Bxb4 9. c3 dxc3 10. Qa4+ Nbc6 11. dxc3 Bc5 12. Bg5 O-O 13. Nbd2 Qc7 
14. Bd3 Nxe5 15. Nxe5 Qxe5 16. Bxh7+ Kxh7 17. Qh4+ Kg8 18. Bxe7 Bxe7 
19. Qxe7 Qf6 20. Qc5 Bd7 21. Ne4 Qg6 22. Rfe1 Bc6 23. Ng3 a6 24. Rad1 Rad8 
25. Rd6 Rxd6 26. Qxd6 Qg5 27. Rd1 Ba4 28. Rd2 Rc8 29. h3 Rxc3 30. Qb8+ Kh7 
31. Rd8 Bc6 32. Rh8+ Kg6 33. h4 Qd5 34. h5+ Kg5 35. f3 Qd4+ 36. Kh2 Qh4+ 
37. Kg1 Rc1+ 38. Nf1 Qd4+ 39. Kh2 Rxf1 40. Qg3+ Kf6 41. Rh7 Qg1+ 42. Kh3 Qh1+ 
43. Kg4 e5 44. Qh4+ Qxh4+ 45. Kxh4 Rh1+ 46. Kg3 a5 47. Kf2 a4 48. g4 Rh3 
49. g5+ Kxg5 50. Rxg7+ Kf6 51. Rh7 a3 52. Rh8 a2 53. Ra8 Rh1 54. Kg2 a1=Q 
0-1

[Event "34th Chess Olympiad (men)"]
[Site "Istanbul"]
[Date "2000.11.10"]
[Round "13.55.4"]
[White "Wondimu, Dawit"]
[Black "Carrillo, Jose"]
[WhiteElo "2000"]
[BlackElo "2000"]
[WhiteCountry "ETH"]
[BlackCountry "PAN"]
[Result "1-0"]

1. d4 d6 2. c4 Nf6 3. Nc3 g6 4. g3 Bg7 5. Bg2 c6 6. e4 Qc7 7. Nf3 e5 8. d5 O-O 
9. O-O a5 10. Re1 Nbd7 11. Bg5 h6 12. Bd2 Nc5 13. Qe2 Qb6 14. Be3 Ng4 
15. Na4 Qb4 16. Bxc5 dxc5 17. Qd1 Nxf2 18. Kxf2 Bg4 19. Rc1 b5 20. cxb5 cxb5 
21. Nxc5 f5 22. Qc2 fxe4 23. Rxe4 Bf5 24. Rxb4 Bxc2 25. Rxb5 e4 26. Rxc2 Bd4+ 
27. Ke2 exf3+ 28. Bxf3 Bxc5 29. Rbxc5 Rae8+ 30. Kf2 
1-0

[Event "34th Chess Olympiad (men)"]
[Site "Istanbul"]
[Date "2000.11.10"]
[Round "13.56.1"]
[White "Righi, Ezio"]
[Black "Schepel, Kaarlo"]
[WhiteElo "2118"]
[BlackElo "2175"]
[WhiteCountry "SMR"]
[BlackCountry "HKG"]
[Result "1-0"]

1. e4 e5 2. Nf3 Nc6 3. Bb5 a6 4. Bxc6 dxc6 5. O-O Bg4 6. h3 h5 7. d3 Qf6 
8. Nbd2 Bc5 9. Nc4 Bxf3 10. Qxf3 Qxf3 11. gxf3 f6 12. f4 b5 13. Na5 Ne7 
14. fxe5 fxe5 15. Nb3 Bb6 16. Be3 Ng6 17. Nc5 Rf8 18. Ne6 Rf7 19. a4 Kd7 
20. Ng5 Rff8 21. a5 Ba7 22. b4 Nf4 23. Rfe1 Rf6 24. Kh2 h4 25. Rad1 Bxe3 
26. fxe3 Nh5 27. Rf1 Raf8 28. Kg2 Kd6 29. Rf3 Ng3 30. Rd2 Nf1 31. Re2 Ng3 
32. Ref2 c5 33. bxc5+ Kxc5 34. Ne6+ Rxe6 35. Rxf8 Rg6 36. Kh2 Kb4 37. Re8 Rg5 
38. Rc8 c5 39. Rc6 Kxa5 40. c3 Ka4 41. Rxc5 a5 42. c4 b4 43. Rb5 b3 44. Rb6 Ka3 
45. c5 a4 46. c6 Rg6 47. c7 Rxb6 48. c8=Q b2 49. Qc5+ Ka2 50. Qxb6 a3 51. Qb4 
1-0

[Event "34th Chess Olympiad (men)"]
[Site "Istanbul"]
[Date "2000.11.10"]
[Round "13.56.2"]
[White "Kiernan, Mark"]
[Black "Volpinari, Danilo"]
[WhiteElo "2125"]
[BlackElo "2084"]
[WhiteCountry "HKG"]
[BlackCountry "SMR"]
[Result "1/2-1/2"]

1. f4 d5 2. Nf3 c5 3. e3 Nc6 4. Be2 g6 5. O-O Bg7 6. d4 b6 7. c3 Nh6 8. Qe1 Nf5 
9. g4 Nd6 10. Ne5 Bb7 11. Nd2 O-O 12. Qh4 f6 13. Nxc6 Bxc6 14. Rf3 e5 
15. Rh3 h6 16. Bd3 Ne4 17. Nf3 g5 18. Qe1 Qd6 19. f5 Rad8 20. Bd2 Rfe8 
21. Qf1 Re7 22. Be1 Rde8 23. dxe5 fxe5 24. Bxe4 dxe4 25. Nd2 Kh7 26. Rg3 Qd3 
27. Qxd3 exd3 28. e4 Rd8 29. h4 Bf6 30. h5 Red7 31. Bf2 Kg7 32. Be3 Be7 
33. Kf2 Kf6 34. Kf3 Bb7 35. Rg2 Rc7 36. c4 Bc6 37. Rc1 a6 
1/2-1/2

[Event "34th Chess Olympiad (men)"]
[Site "Istanbul"]
[Date "2000.11.10"]
[Round "13.56.3"]
[White "Renzi, Nicola"]
[Black "Chong, Chor"]
[WhiteElo "2000"]
[BlackElo "2000"]
[WhiteCountry "SMR"]
[BlackCountry "HKG"]
[Result "1/2-1/2"]

1. d4 Nf6 2. Nf3 d5 3. Bf4 e6 4. Nbd2 c5 5. e3 Nc6 6. c3 h6 7. Bd3 Bd6 
8. Bg3 b6 9. Ne5 Bxe5 10. dxe5 Nd7 11. f4 h5 12. Nf3 h4 13. Bf2 c4 14. Bc2 Nc5 
15. Ng5 Nxe5 16. Nxe6 Bxe6 17. fxe5 Qg5 18. Qd4 Rd8 19. Qf4 Qh5 20. Rd1 Bg4 
21. Rd4 Be2 22. Qxh4 Bd3 23. Qxh5 Rxh5 24. Bd1 Rxe5 25. g4 Be4 26. Bg3 Bxh1 
27. Bxe5 Nd3+ 28. Rxd3 cxd3 29. Bxg7 Kd7 30. g5 Rg8 31. Bf6 Be4 32. h4 Ke6 
33. Bg4+ Bf5 34. Bxf5+ Kxf5 35. Kd2 Re8 36. h5 Re4 37. Kxd3 Rh4 38. h6 Kg6 
39. a3 Rg4 40. b3 Rh4 41. c4 dxc4+ 42. bxc4 
1/2-1/2

[Event "34th Chess Olympiad (men)"]
[Site "Istanbul"]
[Date "2000.11.10"]
[Round "13.56.4"]
[White "Chan, Ping"]
[Black "Cecchetti, Roberto"]
[WhiteElo "2000"]
[BlackElo "2000"]
[WhiteCountry "HKG"]
[BlackCountry "SMR"]
[Result "1/2-1/2"]

1. e4 d6 2. Nf3 Bg4 3. h3 Bh5 4. d3 c6 5. Nbd2 e6 6. Be2 Bxf3 7. Nxf3 d5 
8. O-O Bd6 9. e5 Be7 10. d4 Nd7 11. a4 c5 12. c3 c4 13. b4 a6 14. Bf4 Nf8 
15. Qc2 Ng6 16. Bg3 Nh6 17. a5 O-O 18. Rfb1 Nf5 19. Bh2 Nfh4 20. Nxh4 Bxh4 
21. Rf1 Be7 22. Bg4 Qc7 23. Bg3 Rfb8 24. Rfb1 b6 
1/2-1/2

[Event "34th Chess Olympiad (men)"]
[Site "Istanbul"]
[Date "2000.11.10"]
[Round "13.57.1"]
[White "Moussa, Alaa-Eddine"]
[Black "Hashim, Hasnul"]
[WhiteElo "2255"]
[BlackElo "2000"]
[WhiteCountry "PLE"]
[BlackCountry "BRU"]
[Result "1-0"]

1. d4 d5 2. c4 e6 3. Nc3 Nf6 4. Bg5 Nbd7 5. e3 c6 6. cxd5 cxd5 7. Bd3 Be7 
8. Nf3 O-O 9. O-O h6 10. Bh4 b6 11. Qe2 Bb7 12. Rfc1 a6 13. Rc2 b5 14. a4 b4 
15. Nb1 Rc8 16. Nbd2 Rxc2 17. Bxc2 Qa8 18. Ne5 Re8 19. Qd3 Nf8 20. a5 Ne4 
21. Bxe7 Rxe7 22. f3 Nxd2 23. Qxd2 Bc6 24. Qxb4 Rc7 25. Rc1 Bb5 
1-0

[Event "34th Chess Olympiad (men)"]
[Site "Istanbul"]
[Date "2000.11.10"]
[Round "13.57.2"]
[White "Salleh, Zulklifli"]
[Black "Kayle, Charles"]
[WhiteElo "2000"]
[BlackElo "2097"]
[WhiteCountry "BRU"]
[BlackCountry "PLE"]
[Result "1/2-1/2"]

1. c4 e6 2. Nc3 d5 3. d4 Nf6 4. Bg5 Be7 5. Nf3 h6 6. Bh4 O-O 7. e3 b6 
8. Bxf6 Bxf6 9. cxd5 exd5 10. Bd3 Be6 11. O-O c5 12. Bc2 Nc6 13. a3 Rc8 
14. Rc1 g6 15. h3 Re8 16. Bb1 c4 17. Ne2 b5 18. Nf4 Bg7 19. g4 Qf6 20. Kg2 a5 
21. b3 Bf8 22. a4 Ba3 23. axb5 Nb4 24. bxc4 Bxc1 25. c5 Bb2 26. Qb3 Red8 
27. Qxb2 Rxc5 
1/2-1/2

[Event "34th Chess Olympiad (men)"]
[Site "Istanbul"]
[Date "2000.11.10"]
[Round "13.57.3"]
[White "Asaad, Salah"]
[Black "Tun, Yap"]
[WhiteElo "2000"]
[BlackElo "2000"]
[WhiteCountry "PLE"]
[BlackCountry "BRU"]
[Result "1-0"]

1. e4 e5 2. Nf3 Nc6 3. Bb5 a6 4. Ba4 Be7 5. O-O b5 6. Bb3 d6 7. d4 Nf6 
8. h3 O-O 9. c3 Bb7 10. Re1 Re8 11. Nbd2 Bf8 12. a4 h6 13. a5 Nb8 14. Bc2 c5 
15. d5 Nbd7 16. c4 Be7 17. Bd3 b4 18. Nf1 Nf8 19. Ng3 Ng6 20. Nf5 Bf8 
21. g4 Ne7 22. Bc2 Nxf5 23. exf5 Qc7 24. Nh2 Nh7 25. Ba4 Red8 26. Bc2 Be7 
27. f4 Bf6 28. fxe5 Bxe5 29. Nf3 Re8 30. Nxe5 Rxe5 31. Rxe5 dxe5 32. Qf1 Qd6 
33. Be3 Nf6 34. Qf2 Rc8 35. Qg3 Rd8 36. h4 Nd7 37. g5 Kh8 38. Kf2 h5 39. Bd1 g6 
40. f6 Nf8 41. Bc2 Bc8 42. Kg1 Bb7 43. Bf2 Kg8 44. Qe3 Rc8 45. Re1 Nd7 
46. Bg3 Re8 47. Ba4 Qc7 48. b3 Qd6 49. Bxd7 Qxd7 50. Qxc5 Qg4 51. Qe3 Bc8 
52. c5 Bf5 53. c6 Be4 54. Qxe4 Qxg3+ 55. Kf1 Qh3+ 56. Ke2 Qxb3 57. d6 Qa4 
58. d7 Rf8 59. Rd1 Qxa5 60. Qd5 Qxd5 61. Rxd5 
1-0

[Event "34th Chess Olympiad (men)"]
[Site "Istanbul"]
[Date "2000.11.10"]
[Round "13.57.4"]
[White "Yusof, Abdul"]
[Black "Mawed, Mohamed"]
[WhiteElo "2000"]
[BlackElo "2000"]
[WhiteCountry "BRU"]
[BlackCountry "PLE"]
[Result "0-1"]

1. d4 d5 2. c4 c6 3. Nc3 dxc4 4. e4 b5 5. a4 e5 6. Nf3 exd4 7. Nxd4 b4 
8. Na2 c5 9. Nf3 Qxd1+ 10. Kxd1 c3 11. Bc4 Bb7 12. bxc3 Nc6 13. Bf4 Na5 
14. Bb5+ Bc6 15. Rb1 O-O-O+ 16. Ke2 Bxb5+ 17. axb5 b3 18. Nc1 c4 19. Ne5 Nf6 
20. f3 Bd6 21. g3 g5 22. Nxf7 gxf4 23. e5 Rhe8 24. gxf4 Rd7 25. Nxd6+ Rxd6 
26. Kf2 Rd2+ 27. Ne2 Nd5 28. Rhd1 Rxe2+ 29. Kxe2 Nxc3+ 30. Kd2 Nxd1 
31. Kxd1 Rd8+ 32. Kc1 c3 33. f5 c2 34. Rxb3 Nxb3+ 35. Kxc2 Nd4+ 
0-1

[Event "34th Chess Olympiad (men)"]
[Site "Istanbul"]
[Date "2000.11.10"]
[Round "13.58.2"]
[White "Rideout, Dan"]
[Black "Leicher, Helmuth"]
[WhiteElo "2000"]
[BlackElo "2000"]
[WhiteCountry "BER"]
[BlackCountry "NAM"]
[Result "0-1"]

1. e4 Nf6 2. e5 Nd5 3. d4 d6 4. f4 dxe5 5. fxe5 e6 6. Nf3 c5 7. c3 cxd4 
8. cxd4 Bb4+ 9. Bd2 Ne3 10. Qb3 Bxd2+ 11. Nbxd2 Nxf1 12. Nxf1 O-O 13. Ne3 Nc6 
14. Rd1 Qa5+ 15. Kf2 b5 16. a3 Bb7 17. Rhf1 Rad8 18. d5 exd5 19. Rxd5 Rxd5 
20. Nxd5 Nxe5 21. Ne7+ Kh8 22. Qc3 Qxc3 23. bxc3 Nxf3 24. gxf3 Rd8 25. Re1 g6 
26. Rg1 Rd7 27. Re1 Kg7 
0-1

[Event "34th Chess Olympiad (men)"]
[Site "Istanbul"]
[Date "2000.11.10"]
[Round "13.58.3"]
[White "Oberholzer, Rex"]
[Black "Kast, Harry"]
[WhiteElo "2200"]
[BlackElo "2000"]
[WhiteCountry "NAM"]
[BlackCountry "BER"]
[Result "0-1"]

1. e4 c5 2. Nf3 d6 3. d4 cxd4 4. Nxd4 Nf6 5. Bc4 e6 6. Nc3 a6 7. Bb3 Qc7 
8. O-O Be7 9. a4 O-O 10. Qe2 Bd7 11. f3 Nc6 12. Be3 Rac8 13. Rfd1 e5 
14. Nxc6 Bxc6 15. a5 Qd7 16. Na4 Bxa4 17. Bxa4 Qc7 18. c3 Qc4 19. Rd3 Qc7 
20. Qd2 Qxa5 21. b4 Qc7 22. Bb3 h6 23. Ra5 Ra8 24. Qa2 Qc8 25. Ba4 b5 
26. Bb3 Qb7 27. Rd1 Qc6 28. Ra3 Bd8 29. Kh1 Be7 30. g3 Qc8 31. Kg2 g5 
32. g4 Kg7 33. Qd2 Rg8 34. Rg1 Kf8 35. Kf2 Qd8 36. h4 a5 37. bxa5 Rxa5 
38. Rxa5 Qxa5 39. hxg5 hxg5 40. Qb2 Qa8 41. Ra1 Qc6 42. Qa2 Qxc3 43. Rc1 Qb4 
44. Bxf7 Rh8 45. Kg2 Kg7 46. Bxg5 Nxg4 47. Qa7 Qb2+ 48. Kg1 Rh1+ 
0-1

[Event "34th Chess Olympiad (men)"]
[Site "Istanbul"]
[Date "2000.11.10"]
[Round "13.58.4"]
[White "Miller, Bobby"]
[Black "Hanemaaijer, Teunis"]
[WhiteElo "2000"]
[BlackElo "2000"]
[WhiteCountry "BER"]
[BlackCountry "NAM"]
[Result "0-1"]

1. e4 e5 2. Nf3 Nc6 3. Bc4 d6 4. d4 exd4 5. Nxd4 Ne5 6. Bb3 Nf6 7. Nc3 Be7 
8. O-O O-O 9. Bg5 c5 10. Nf5 Bxf5 11. exf5 c4 12. f4 Qb6+ 13. Kh1 Neg4 
14. Qe2 cxb3 15. Bxf6 Nxf6 16. axb3 Rfe8 17. Rad1 Bd8 18. Qf3 Bc7 19. Rd3 Rad8 
20. h3 Qc6 21. Qd1 d5 22. Ne2 Ne4 23. Nd4 Qh6 24. Rdf3 Qh4 25. Kh2 Qf6 
26. g3 Bb6 27. Rd3 Bxd4 28. Rxd4 Qxf5 29. c4 Nf6 30. g4 Qe6 31. Rf2 Qe3 
32. Rf3 Qe2+ 33. Qxe2 Rxe2+ 34. Kg3 h6 35. Rfd3 Ne4+ 36. Kh4 g5+ 37. fxg5 hxg5+ 
38. Kh5 Kg7 39. Rxe4 Rxe4 
0-1

[Event "34th Chess Olympiad (men)"]
[Site "Istanbul"]
[Date "2000.11.10"]
[Round "13.59.1"]
[White "Allen, Daryl"]
[Black "Ma, Ernesto"]
[WhiteElo "2000"]
[BlackElo "2200"]
[WhiteCountry "ISV"]
[BlackCountry "MAC"]
[Result "1/2-1/2"]

1. e4 e5 2. Nf3 Nc6 3. Bc4 Be7 4. Nc3 Nf6 5. O-O O-O 6. d4 exd4 7. Nxd4 Ne5 
8. Be2 d6 9. f4 Ng6 10. f5 Ne5 11. Bg5 b6 12. Nf3 Nfg4 13. Bxe7 Qxe7 
14. Nd5 Qd8 15. Nxe5 Nxe5 16. f6 Nd7 17. Qd2 gxf6 18. Qh6 Kh8 19. Nxf6 Nxf6 
20. Rxf6 Be6 21. Raf1 Qe7 22. e5 Rg8 23. exd6 cxd6 24. Bd3 Rg7 25. Be4 d5 
26. Bd3 Rag8 27. R6f2 Qg5 28. Qxg5 Rxg5 29. g3 h5 30. Rf4 Kg7 31. Bf5 Ra8 
32. Kg2 h4 33. Bxe6 fxe6 34. Rxh4 e5 35. Re1 b5 36. c3 e4 37. h3 Rf8 
38. Re3 Kg6 39. g4 Kf6 40. Rh6+ Ke5 41. Kg3 
1/2-1/2

[Event "34th Chess Olympiad (men)"]
[Site "Istanbul"]
[Date "2000.11.10"]
[Round "13.59.2"]
[White "Calangi, Zachary Alexander"]
[Black "Carty, Leo"]
[WhiteElo "2183"]
[BlackElo "2000"]
[WhiteCountry "MAC"]
[BlackCountry "ISV"]
[Result "1-0"]

1. e4 c5 2. Nf3 d6 3. c3 a6 4. Be2 Nf6 5. O-O Bg4 6. d3 e6 7. a4 Be7 8. Be3 O-O 
9. Nbd2 Nc6 10. d4 cxd4 11. Nxd4 Bxe2 12. Qxe2 Ne5 13. h3 h6 14. a5 Rc8 
15. f4 Nc6 16. Nxc6 Rxc6 17. Bd4 Nd7 18. Nf3 Bf6 19. e5 dxe5 20. fxe5 Bg5 
21. b4 f6 22. Nxg5 fxg5 23. b5 axb5 24. Qxb5 Qc8 25. Rab1 Rxf1+ 26. Kxf1 Qf8+ 
27. Kg1 Nc5 28. Rf1 Qe7 29. Kh2 Na6 30. Rb1 Nc5 31. Qe2 Na4 32. Qe3 Qc7 
33. Rb3 Qxa5 34. Rxb7 Nxc3 35. Rb8+ Kh7 36. Qd3+ g6 37. Bxc3 Rxc3 38. Qd7# 
1-0

[Event "34th Chess Olympiad (men)"]
[Site "Istanbul"]
[Date "2000.11.10"]
[Round "13.59.3"]
[White "Jackson, Francis"]
[Black "Fesalbon, Rolando"]
[WhiteElo "2000"]
[BlackElo "2000"]
[WhiteCountry "ISV"]
[BlackCountry "MAC"]
[Result "0-1"]

1. e4 e5 2. Nf3 Nc6 3. Bc4 Nd4 4. c3 Nxf3+ 5. Qxf3 Qf6 6. Qd1 Nh6 7. d4 d6 
8. h3 Be7 9. Be3 Be6 10. Nd2 c6 11. Bxe6 Qxe6 12. Qb3 b6 13. Qxe6 fxe6 
14. Bxh6 gxh6 15. dxe5 dxe5 16. Nc4 Bf6 17. O-O Ke7 18. f4 exf4 19. Rxf4 e5 
20. Rf5 Ke6 21. Rd1 Rad8 22. Rdf1 Rhf8 23. R1f2 Bg7 24. Ne3 Bf6 25. Ng4 Bg7 
26. g3 Ra8 27. Ne3 Bf6 28. Kg2 Rad8 29. h4 Ra8 30. Kh3 Rad8 31. g4 b5 
32. Kg3 Rc8 33. g5 hxg5 34. hxg5 Bg7 35. Kg4 Rcd8 36. Rh2 Rh8 37. Rhf2 Rd3 
38. R5f3 Rg8 39. Rh2 h6 40. Rh5 Rd2 41. g6 Rxb2 42. Rhf5 Bh8 43. Rf8 Rxg6+ 
44. Kh5 Rg1 45. Re8+ Kd7 46. Re7+ Kxe7 47. Nf5+ Ke6 48. Rh3 Bg7 49. Nh4 Rg5# 
0-1

[Event "34th Chess Olympiad (men)"]
[Site "Istanbul"]
[Date "2000.11.10"]
[Round "13.59.4"]
[White "Chan, Kuok"]
[Black "Heywood, Julius"]
[WhiteElo "2000"]
[BlackElo "2000"]
[WhiteCountry "MAC"]
[BlackCountry "ISV"]
[Result "1-0"]

1. d4 d5 2. c4 dxc4 3. Nf3 e6 4. e3 b6 5. Bxc4 Nc6 6. Bb5 Nge7 7. Ne5 Qd6 
8. Qf3 Bd7 9. Qxf7+ Kd8 10. Nxd7 Kxd7 11. O-O Rd8 12. Nc3 Kc8 13. Ba6+ Kb8 
14. Qf3 Nd5 15. Ne4 Qd7 16. Bd2 e5 17. Bc3 Nxc3 18. Nxc3 Re8 19. dxe5 Rxe5 
20. Rfd1 Bd6 21. Rac1 Rhe8 22. Bb5 Kb7 23. Nd5 Bc5 24. b4 a6 25. Bxc6+ Qxc6 
26. bxc5 bxc5 27. Rb1+ Ka7 28. Qf7 Rg5 29. Qxc7+ Qxc7 30. Nxc7 h5 31. Nxe8 
1-0

[Event "34th Chess Olympiad (men)"]
[Site "Istanbul"]
[Date "2000.11.10"]
[Round "13.60.1"]
[White "Corbin, Philip"]
[Black "Murasira, Albert"]
[WhiteElo "2228"]
[BlackElo "2000"]
[WhiteCountry "BAR"]
[BlackCountry "RWA"]
[Result "1-0"]

1. e4 e5 2. Bc4 Nf6 3. d4 exd4 4. Nf3 Bb4+ 5. c3 dxc3 6. bxc3 Be7 7. e5 Ng4 
8. h3 Nh6 9. Bxh6 gxh6 10. Qd5 Rf8 11. O-O c6 12. Qe4 d5 13. exd6 Qxd6 
14. Nbd2 Qg6 15. Rfe1 Qxe4 16. Nxe4 Be6 17. Rad1 Nd7 18. Nd6+ Bxd6 
19. Bxe6 fxe6 20. Rxd6 O-O-O 21. Rexe6 Nc5 22. Rxh6 Rxd6 23. Rxd6 Rd8 
24. Rxd8+ Kxd8 25. Ng5 h5 26. h4 Ke7 27. f3 a5 28. Kf2 Kf6 29. Ne4+ Nxe4+ 
30. fxe4 Ke5 31. Kf3 b5 32. g4 hxg4+ 33. Kxg4 b4 34. cxb4 axb4 35. h5 c5 
36. h6 c4 37. h7 c3 38. h8=Q+ Kxe4 39. Qh7+ Ke3 40. Qc2 Kd4 41. Kf4 Kc4 
42. Ke4 Kb5 43. Kd5 Ka5 44. Kc6 
1-0